|
|
|
|
| LEADER |
01332nam a2200313 a 4500 |
| 001 |
12170207 |
| 008 |
120719s2001 dcua b 001 0 eng |
| 010 |
|
|
|a 00047679
|
| 020 |
|
|
|a 0878408525 (alk. paper)
|
| 040 |
|
|
|a DLC
|c DLC
|d DLC
|d BD-DhAAL
|
| 042 |
|
|
|a pcc
|
| 082 |
0 |
0 |
|a 351.072
|2 21
|
| 100 |
1 |
|
|a Lynn, Laurence E.,
|d 1937-
|9 53531
|
| 245 |
1 |
0 |
|a Improving governance :
|b a new logic for empirical research /
|c Laurence E. Lynn, Jr., Carolyn J. Heinrich, Carolyn J. Hill.
|
| 260 |
|
|
|a Washington, D.C. :
|b Georgetown University Press,
|c c2001.
|
| 300 |
|
|
|a viii, 212 p. :
|b ill. ;
|c 24 cm.
|
| 490 |
1 |
|
|a [American governance and public policy series]
|
| 500 |
|
|
|a Series statement on jacket.
|
| 504 |
|
|
|a Includes bibliographical references (p. 179-203) and indexes.
|
| 541 |
|
|
|e 00025641
|
| 650 |
|
0 |
|a Public administration
|x Research.
|9 53536
|
| 650 |
|
0 |
|a Human services
|x Management
|x Research.
|9 53537
|
| 700 |
1 |
|
|a Heinrich, Carolyn J.
|9 53538
|
| 700 |
1 |
|
|a Hill, Carolyn J.
|9 53539
|
| 830 |
|
0 |
|a American governance and public policy.
|9 7631
|
| 852 |
1 |
|
|a Ayesha Abed Library
|c General Shelf.
|
| 942 |
|
|
|2 ddc
|c BK
|
| 999 |
|
|
|c 12580
|d 12580
|
| 952 |
|
|
|0 0
|1 0
|2 ddc
|4 0
|6 351_072000000000000_LYN
|7 0
|9 20765
|a IGS
|b IGS
|c GEN
|d 2012-07-19
|e Trim Education
|g 2975.00
|l 2
|m 4
|o 351.072 LYN
|p 3010025641
|r 2017-08-22
|s 2017-02-09
|t 1
|w 2012-07-19
|y BK
|